SIGPLAN Notices

Saved in:
Bibliographic Details
Format: Serial
Published: 1990
Tags: Add Tag
No Tags, Be the first to tag this record!

MARC

LEADER 00000nas a22000003a 4500
001 stu70047
005 20141121233925.6
008 011106s1990----------------------------d
040 |a STU  |b slo 
041 0
245 |a SIGPLAN Notices 
260 |c 1990 
500 |a 1990 
500 |a 1-4,6-12 /CH: 5 
773 0 |t SIGPLAN Notices :  |w stu_us_cat*stu60260  |x 0362-1340  |7 nnas 
996 |d Vol. 25, 1990  |v Vol. 25  |y 1990  |l EE0103  |s A  |a 24  |w stu70047_0001